Kto stworzył te piosenke? Polski Rap/Trap. - Statystyki

Ogólne statystyki
  • Ten quiz został rozwiązany 396 razy
  • Średni wynik to 9 z 15
Statystyki odpowiedzi
Piosenka Wykonawca % Poprawnych
Wschód (lubię zapierdalać) Bedoes/Kosa/White 2115
85%
Stary Dobry Ja Reto/Qry
85%
PDW Białas/Mata
84%
A nie pamiętasz jak? Kacperczyk/Adi Nowak/Janusz Walczuk/Beteo/White 2115/Jan-rapowanie/Mata
80%
Dla Ziomali Oki/Żabson
77%
NIEPŁACZĘPONOTREDAME Quebonafide/Bedoes
72%
Jumper Reto/Kizo/Qry/ZetHa/Borixon
72%
Johnny Knoxville White 2115/Felivers
52%
WWA NIE BERLIN Taco Hemingway/Szpaku
51%
Mowgli Kabe
47%
Nero Mata
45%
Deadphone Reto/Borixon
40%
Ból Dupy Białas/ADM
33%
Nie Mam Czasu Taco Hemingway/CatchUp
28%
Żapka Major SPZ
21%
Nie znaleziono quizów pasujących do podanych kryteriów
Rozkład punktacji
Procent ludzi z każdym wynikiem
Percentyl według liczby udzielonych odpowiedzi
Twoja historia wyników
Nie rozwiązałeś tego quizu